Empresa y medios de comunicación /

Exposición pormenorizada de una estrategia de comunicación empresarial, basada en técnicas periodísticas, orientada a que la empresa pueda ser noticia y se gane la opinión pública, a través de una buena imagen en los medios de comunicación.

Spremljeno u:
Bibliografski detalji
Glavni autor: Aragonés, Pau (autor)
Daljnji autori: Vázquez Montalbán, Manuel (prólogo) (prólogo)
Format: Knjiga
Jezik:španjolski
Izdano: Barcelona, España : Gestión 2000, 1998, c1998
Teme:
Oznake: Dodaj oznaku
Bez oznaka, Budi prvi tko označuje ovaj zapis!

MARC

LEADER 00000nam^a2200000^a^4500
001 000135057
005 20250521000000.0
009 20260310095229.366
020 |a 84-8088-240-9 
037 |a Acervo ITESO - Biblioteca 
041 |a ESP 
082 |a 658. 455  |b ARA 
100 |a Aragonés, Pau  |e (autor) 
245 1 0 |a Empresa y medios de comunicación /  |c P. Aragonés ; pról. de M. Vázquez Montalbán. 
264 4 |a Barcelona, España :  |b Gestión 2000,  |c 1998, c1998 
300 |a 262 p. 
336 |a texto  |b txt  |2 rdacontenido 
337 |a sin mediación  |b n  |2 rdamedio 
338 |a volumen  |b nc  |2 rdasoporte 
520 |a Exposición pormenorizada de una estrategia de comunicación empresarial, basada en técnicas periodísticas, orientada a que la empresa pueda ser noticia y se gane la opinión pública, a través de una buena imagen en los medios de comunicación. 
649 |a XX 
650 |a Empresas -  |x Administración 
650 |a Identidad Corporativa 
650 |a Comunicación Institucional 
650 |a Comunicación Organizacional -  |x Tema Principal 
650 |a Ciencias Administrativas 
700 |a Vázquez Montalbán, Manuel  |e (prólogo) 
910 |a Fondo General 
920 |a Impresos - Libros 
930 |a Colección General 
905 |a 101 
901 |a 0500064390  |b IT1  |c ACC  |u 20250521 
902 |a https://opac.biblio.iteso.mx/vufind/Record/000135057